书目信息 |
| 题名: |
武器收藏指南
|
|
| 作者: | 哈斯丘 编著 ;祝加琛 , 于君华 译 | |
| 分册: | 步枪 | |
| 出版信息: | 北京 机械工业出版社 2022 |
|
| 页数: | 216页 | |
| 开本: | 26cm | |
| 丛书名: | ||
| 单 册: | ||
| 中图分类: | G262.9-62 , G262.9 | |
| 科图分类: | ||
| 主题词: | 武器--收藏--世界--指南 , 步枪--收藏--世界--指南 | |
| 电子资源: | ||
| ISBN: | 978-7-111-69340-6 | |
| 000 | 01162nam0 2200289 450 | |
| 001 | 2242154468 | |
| 005 | 20221019114306.89 | |
| 010 | @a978-7-111-69340-6@b精装@dCNY99.00 | |
| 100 | @a20220217d2022 em y0chiy50 ea | |
| 101 | 1 | @achi@ceng |
| 102 | @aCN@b110000 | |
| 105 | @aa z 000yy | |
| 200 | 1 | @a武器收藏指南@9wu qi shou cang zhi nan@i步枪@e15世纪至今世界经典步枪@f(英)迈克尔·E. 哈斯丘(Michael E. Haskew)编著@g祝加琛,于君华译 |
| 210 | @a北京@c机械工业出版社@d2022 | |
| 215 | @a216页@c图,照片@d26cm | |
| 305 | @aAmber Books Ltd授权出版 | |
| 330 | @a本书从15世纪的火绳枪到今天的突击步枪,步枪和霰弹枪随着技术的进步也在不断发展,从滑膛枪到突击步枪,从栓动步枪到连发步枪,从温彻斯特M1873型到AK-47突击步枪。本书配有200多幅彩色图片,均附有详细的性能介绍。 | |
| 510 | 1 | @aCollector's guides@iRifles & muskets@zeng |
| 606 | 0 | @a武器@x收藏@y世界@j指南 |
| 606 | 0 | @a步枪@x收藏@y世界@j指南 |
| 690 | @aG262.9-62@v5 | |
| 690 | @aG262.9@v4 | |
| 701 | 0 | @c(英)@a哈斯丘@9ha si qiu@c(Haskew, Michael E.)@4编著 |
| 702 | 0 | @a祝加琛@9zhu jia chen@4译 |
| 702 | 0 | @a于君华@9yu jun hua@4译 |
| 801 | 0 | @aCN@b91MARC@c20220217 |
| 905 | @aZUCC@dG262.9@e1:2 | |
| 武器收藏指南.步枪:15世纪至今世界经典步枪/(英)迈克尔·E. 哈斯丘(Michael E. Haskew)编著/祝加琛,于君华译.-北京:机械工业出版社,2022 |
| 216页:图,照片;26cm |
| ISBN 978-7-111-69340-6(精装):CNY99.00 |
| 本书从15世纪的火绳枪到今天的突击步枪,步枪和霰弹枪随着技术的进步也在不断发展,从滑膛枪到突击步枪,从栓动步枪到连发步枪,从温彻斯特M1873型到AK-47突击步枪。本书配有200多幅彩色图片,均附有详细的性能介绍。 |
| ● |
| 相关链接 |
|
|
|
正题名:武器收藏指南
索取号:G262.9/1:2
 
预约/预借
| 序号 | 登录号 | 条形码 | 馆藏地/架位号 | 状态 | 备注 |
| 1 | 2000914864 | 2000914864 | 第三书库/ [索取号:G262.9/1:2] | 在馆 | |
| 2 | 2000914865 | 2000914865 | 第三书库/ [索取号:G262.9/1:2] | 在馆 | |
| 3 | 2000914866 | 2000914866 | 第三书库/ [索取号:G262.9/1:2] | 在馆 |